Albert Bierstadt /

Bibliographic Details
Main Author: Baigell, Matthew
Format: Book
Language:English
Published: New York : Watson-Guptill, 1981.
Subjects:

MARC

Tag First Indicator Second Indicator Subfields
LEADER 00000pam a2200000 a 4500
001 in00000077689
005 20151008053822.0
008 810504s1981 nyuac b 00110 eng
010 |a  81003329  
020 |a 0823004945 
035 |a (OCoLC)07552640 
035 |9 AAH8749AM 
039 0 |a 2  |b 3  |c 3  |d 3  |e 3 
040 |a DLC  |c DLC  |d TXA  |d UtOrBLW 
043 |a n-usp-- 
049 |a TXAM  |c [1672172] 
050 0 0 |a ND237.B585  |b B3 
082 0 |a 759.13  |2 19 
100 1 |a Baigell, Matthew. 
245 1 0 |a Albert Bierstadt /  |c by Matthew Baigell. 
264 1 |a New York :  |b Watson-Guptill,  |c 1981. 
300 |a 84 pages :  |b illustrations (some color), portrait ;  |c 29 cm. 
336 |a text  |b txt  |2 rdacontent 
337 |a unmediated  |b n  |2 rdamedia 
338 |a volume  |b nc  |2 rdacarrier 
500 |a Includes index. 
504 |a Bibliography: page 82. 
600 1 0 |a Bierstadt, Albert,  |d 1830-1902. 
651 0 |a West (U.S.)  |v In art. 
999 |a MARS 
999 f f |s 372e4726-8055-32c5-b5a0-09340434c993  |i 9eb2ee50-55e9-3207-beac-73b5053f677f  |t 0 
952 f f |p normal  |a Texas A&M University  |b College Station  |c Sterling C. Evans Library  |d Evans: Library Stacks  |t 0  |e ND237.B585 B3  |h Library of Congress classification  |i unmediated -- volume  |m A14806169524 
998 f f |a ND237.B585 B3  |t 0  |l Evans: Library Stacks